| 000 | 00527nam a22001817a 4500 | ||
|---|---|---|---|
| 005 | 20170222112331.0 | ||
| 008 | 170222b xxu||||| |||| 00| 0 eng d | ||
| 020 | _a9781118094617 | ||
| 040 | _cPK-LaUMT | ||
| 082 |
_a152.4024378198 _bKAN-S |
||
| 100 | _aKanoy , Korrel | ||
| 245 |
_aThe student eqedge: _bfacilitation and activity guide/ _cKorrel Kanoy , Steven J. Stein and Howard E. Book |
||
| 260 |
_aHoboken; _bJossey-Bass, _c2013 |
||
| 300 | _a304 p. | ||
| 546 | _aen | ||
| 650 | _aEmotional intelligence | ||
| 942 | _cBK | ||
| 999 |
_c91113 _d91113 |
||